[Event "Tournoi francophone 002 Groupe F"]
[Site "Skype"]
[Date "????.??.??"]
[Round "1.1"]
[White "Letourneau, Judith"]
[Black "Wible, Annie"]
[Result "0-1"]
[WhiteElo "1000"]
[BlackElo "1000"]
[PlyCount "80"]

1. e4 e6 2. d4 d5 3. Nc3 Nf6 4. Bg5 Be7 5. Nf3 Nbd7 6. Bd3 h6 7. Bf4 g5 8. h4
gxf4 9. O-O c5 10. b3 cxd4 11. Nxd4 Qa5 12. Qd2 Nc5 13. Be2 Nfxe4 14. Qd3 Nxc3
15. Qd2 Bxh4 16. Bb5+ Nxb5 17. Qxa5 b6 18. Qa4 Nxa4 19. bxa4 Nxd4 20. c3 Ne2+
21. Kh1 Nxc3 22. Rac1 Bf6 23. Rxc3 Bxc3 24. Re1 Bxe1 25. Kh2 Bxf2 26. Kh1 d4
27. a3 Bd7 28. g4 Rc8 29. a5 Rc1+ 30. Kh2 d3 31. axb6 axb6 32. a4 d2 33. a5
d1=Q 34. axb6 Qxg4 35. b7 Qh4+ 36. Kg2 f3+ 37. Kxf3 Bc6+ 38. Ke2 Qe4+ 39. Kd2
Be3+ 40. Ke2 Bb5# 0-1

[Event "Tournoi francophone 002 Groupe F"]
[Site "Skype"]
[Date "????.??.??"]
[Round "1.2"]
[White "Richmond, Aaron"]
[Black "Bouffard, Georges"]
[Result "0-1"]
[WhiteElo "1000"]
[BlackElo "1000"]
[PlyCount "56"]

1. e4 e5 2. Nf3 d6 3. Nc3 Be6 4. Bd3 c6 5. O-O h6 6. b4 a6 7. Ba3 Ne7 8. h3 Ng6
9. g3 Be7 10. b5 a5 11. bxc6 bxc6 12. Rb1 O-O 13. h4 Bf6 14. h5 Ne7 15. Bxd6
Qxd6 16. Qc1 Nd7 17. Rb7 Nc5 18. Rxe7 Bxe7 19. g4 Bxg4 20. Ne1 Qe6 21. f3 Bh3
22. Ng2 g6 23. f4 f5 24. exf5 gxf5 25. fxe5 Kh8 26. Nh4 Bxh4 27. Ne2 Qg8+ 28.
Kh1 Qg2# 0-1

[Event "Tournoi francophone 002 Groupe F"]
[Site "Skype"]
[Date "????.??.??"]
[Round "1.3"]
[White "Morin, Claude"]
[Black "Mouannis, Nezha"]
[Result "1-0"]
[WhiteElo "1037"]
[BlackElo "1000"]
[PlyCount "95"]

1. e4 e5 2. Nf3 Nc6 3. c3 Nf6 4. d3 Bc5 5. Nbd2 d6 6. h3 O-O 7. Be2 Be6 8. a3
d5 9. b4 Bb6 10. O-O a6 11. Nh4 dxe4 12. Qc2 exd3 13. Bxd3 e4 14. Nxe4 Nxe4 15.
Bxe4 Bc4 16. Re1 Qxh4 17. Bxh7+ Qxh7 18. Qxh7+ Kxh7 19. Re4 Be6 20. Kh2 Bxf2
21. Be3 Bxe3 22. Rxe3 Rad8 23. Rg3 Rd2 24. Re1 Rfd8 25. Re4 Bf5 26. Rh4+ Kg8
27. Rh6 Ne5 28. Rg5 Nd7 29. Rhh5 g6 30. Rh6 Nf6 31. h4 Ne4 32. Rxf5 gxf5 33.
Rh5 Kg7 34. Rxf5 Nd6 35. Rg5+ Kf6 36. Rh5 Nf5 37. Kh3 Ng7 38. Rc5 c6 39. Rc4
Nf5 40. h5 R2d3+ 41. Kh2 Rd2 42. h6 Nxh6 43. Rf4+ Nf5 44. c4 Rh8+ 45. Kg1 Rd1+
46. Kf2 Rdh1 47. Ke2 R1h2 48. Rf2 1-0

[Event "Tournoi francophone 002 Groupe F"]
[Site "Skype"]
[Date "????.??.??"]
[Round "1.4"]
[White "Gagnon, Sindy"]
[Black "Rival, Jocelyn"]
[Result "0-1"]
[WhiteElo "1000"]
[BlackElo "1000"]
[PlyCount "124"]

1. e4 e5 2. Nf3 Nc6 3. Bc4 d6 4. O-O Bg4 5. Be2 Nf6 6. h3 Be6 7. d3 Be7 8. Nbd2
d5 9. exd5 Bxd5 10. b3 Nd4 11. Nxd4 exd4 12. Bb2 c5 13. c4 Bc6 14. Qc2 Qc7 15.
Rfc1 Qf4 16. a3 Bd6 17. Kf1 Qh2 18. Ke1 Qh1+ 19. Bf1 Nh5 20. Qd1 Nf6 21. Ke2
Bxg2 22. Qc2 Bxf1+ 23. Nxf1 Qxh3 24. b4 O-O 25. bxc5 Bxc5 26. Ng3 Rae8+ 27. Kd2
Qh6+ 28. Kd1 Ng4 29. Nf1 Qe6 30. Ne3 Nxf2+ 31. Qxf2 Re7 32. Nd5 Rfe8 33. Nxe7+
Rxe7 34. Rc2 Qd7 35. Bc1 b5 36. Bg5 Re5 37. Bf4 Rf5 38. cxb5 Qxb5 39. Rd2 Qa4+
40. Ke2 Qe8+ 41. Kf1 Be7 42. Qxd4 Rb5 43. a4 Rh5 44. Kg1 Bc5 45. Be3 Bxd4 46.
Bxd4 Qd7 47. Bc3 Qh3 48. Rg2 Qxd3 49. Rc1 Qe3+ 50. Rf2 Qxc1+ 51. Rf1 Qxc3 52.
Kg2 Rg5+ 53. Kf2 Qc2+ 54. Ke3 Re5+ 55. Kf4 Qc7 56. Kg4 Qc4+ 57. Rf4 Qe2+ 58.
Rf3 Qg2+ 59. Rg3 Qe2+ 60. Rf3 Re4+ 61. Kg5 Qxf3 62. a5 Qg4# 0-1

[Event "Tournoi francophone 002 Groupe F"]
[Site "Skype"]
[Date "????.??.??"]
[Round "1.5"]
[White "Talbot, Jean"]
[Black "Martin, Elise"]
[Result "0-1"]
[WhiteElo "1031"]
[BlackElo "1038"]
[PlyCount "50"]

1. e4 e5 2. Nf3 d6 3. Bc4 Nc6 4. O-O Nf6 5. d3 Bg4 6. h3 Bh5 7. Re1 Be7 8. Bg5
Qd7 9. Nc3 Nd4 10. Nxd4 Bxd1 11. Nf5 Bxc2 12. Nxg7+ Kf8 13. Bh6 Ng8 14. Ne6+
Ke8 15. Ng7+ Kd8 16. Rac1 Ba4 17. b3 Bc6 18. Bxf7 Nxh6 19. Ne6+ Kc8 20. Rcd1
Nxf7 21. d4 Qxe6 22. d5 Qg6 23. dxc6 Rg8 24. cxb7+ Kxb7 25. Nb5 Qxg2# 0-1

[Event "Tournoi francophone 002 Groupe F"]
[Site "Skype"]
[Date "????.??.??"]
[Round "2.1"]
[White "Wible, Annie"]
[Black "Martin, Elise"]
[Result "0-1"]
[WhiteElo "1000"]
[BlackElo "1038"]
[PlyCount "62"]

1. e4 e5 2. Nf3 Nc6 3. Be2 d6 4. d3 Bg4 5. Nbd2 Nf6 6. O-O Be7 7. c4 O-O 8. b3
h6 9. a4 Nh5 10. Ba3 Nf4 11. c5 dxc5 12. g3 Nh3+ 13. Kg2 b6 14. Qc2 Nd4 15. Qd1
Qd7 16. Nc4 a5 17. Re1 b5 18. Nb2 b4 19. Bxb4 cxb4 20. Qd2 Nxb3 21. Qd1 Nxa1
22. Qxa1 Ng5 23. Nxe5 Qe6 24. Nec4 Bh3+ 25. Kh1 Qf6 26. Rf1 Nf3 27. e5 Nxe5 28.
f4 Nxc4 29. dxc4 Qe6 30. Re1 Qe4+ 31. Kg1 Qg2# 0-1

[Event "Tournoi francophone 002 Groupe F"]
[Site "Skype"]
[Date "????.??.??"]
[Round "2.2"]
[White "Rival, Jocelyn"]
[Black "Talbot, Jean"]
[Result "1-0"]
[WhiteElo "1000"]
[BlackElo "1031"]
[PlyCount "49"]

1. e4 e5 2. Nf3 Nc6 3. Bb5 a6 4. Ba4 d6 5. O-O Nf6 6. Re1 Be7 7. d3 O-O 8. Bg5
h6 9. Bd2 Bg4 10. Nc3 Nd4 11. Nd5 Nxd5 12. exd5 Re8 13. Re4 Nxf3+ 14. gxf3 Bf5
15. Rb4 b5 16. Bb3 Rb8 17. c4 bxc4 18. Bxc4 Rxb4 19. Bxb4 Bh4 20. Qe1 Qg5+ 21.
Kf1 Bxd3+ 22. Bxd3 Re7 23. Bd2 Qf6 24. Qe4 Bg5 25. Qh7+ 1-0

[Event "Tournoi francophone 002 Groupe F"]
[Site "Skype"]
[Date "????.??.??"]
[Round "2.3"]
[White "Mouannis, Nezha"]
[Black "Gagnon, Sindy"]
[Result "0-1"]
[WhiteElo "1000"]
[BlackElo "1000"]
[PlyCount "50"]

1. e4 Nf6 2. Nc3 Nc6 3. Nf3 b6 4. d3 Bb7 5. Be2 d6 6. a3 Qd7 7. h3 O-O-O 8. Be3
h6 9. O-O g5 10. d4 Bg7 11. d5 Ne5 12. Nd4 h5 13. Bxg5 Nh7 14. Bf4 Ng6 15. Bxh5
Nxf4 16. Bxf7 Rhf8 17. Be6 Nxe6 18. Nxe6 Rf3 19. Nxd8 Kxd8 20. Qxf3 Ng5 21. Qd3
Be5 22. Rae1 e6 23. Re3 Qf7 24. Nb5 Qf4 25. Nxa7 Qh2# 0-1

[Event "Tournoi francophone 002 Groupe F"]
[Site "Skype"]
[Date "????.??.??"]
[Round "2.4"]
[White "Bouffard, Georges"]
[Black "Morin, Claude"]
[Result "1-0"]
[WhiteElo "1000"]
[BlackElo "1037"]
[PlyCount "47"]

1. e4 e5 2. Nf3 d6 3. d4 f6 4. h3 h6 5. Nbd2 Nc6 6. c3 Be7 7. Bc4 Bg4 8. hxg4
Na5 9. Bb5+ c6 10. Ba4 b5 11. Bc2 d5 12. b4 Nb7 13. a4 Bd6 14. axb5 c5 15. bxc5
Bc7 16. Ba3 exd4 17. cxd4 dxe4 18. Nxe4 Ne7 19. Bb3 Nd5 20. O-O O-O 21. Nh4 Qe8
22. c6 Na5 23. Bxd5+ Kh8 24. Bxf8 1-0

[Event "Tournoi francophone 002 Groupe F"]
[Site "Skype"]
[Date "????.??.??"]
[Round "3.2"]
[White "Morin, Claude"]
[Black "Letourneau, Judith"]
[Result "1-0"]
[WhiteElo "1037"]
[BlackElo "1000"]
[PlyCount "87"]

1. e4 e6 2. Nf3 Nc6 3. c3 d5 4. d3 Nf6 5. e5 Be7 6. Be2 O-O 7. Bg5 h6 8. Bxf6
Bxf6 9. exf6 Qxf6 10. d4 b6 11. O-O Ba6 12. Bxa6 e5 13. Re1 Rfe8 14. Nbd2 exd4
15. Bb5 Na5 16. Bxe8 Rxe8 17. Rxe8+ Kh7 18. Qc2+ Qg6 19. Qxg6+ fxg6 20. Nxd4 c5
21. Ne6 g5 22. h3 d4 23. c4 Nb7 24. Re7 Kg6 25. Rxb7 a6 26. Rxb6 a5 27. Nxc5+
Kh7 28. Rd6 a4 29. Rxd4 h5 30. Nf3 g4 31. Ng5+ Kg8 32. Nxa4 gxh3 33. Nxh3 h4
34. Rd8+ Kf7 35. Re1 g6 36. c5 g5 37. Nxg5+ Kg7 38. c6 h3 39. Nxh3 Kh7 40. c7
Kh6 41. c8=Q Kh5 42. Rd6 Kh4 43. Qc5 Kg4 44. Re4# 1-0

[Event "Tournoi francophone 002 Groupe F"]
[Site "Skype"]
[Date "????.??.??"]
[Round "3.3"]
[White "Gagnon, Sindy"]
[Black "Bouffard, Georges"]
[Result "1-0"]
[WhiteElo "1000"]
[BlackElo "1000"]
[PlyCount "57"]

1. e4 e5 2. Nc3 c6 3. Nf3 d6 4. Be2 Be6 5. h3 Be7 6. O-O Nf6 7. b3 h6 8. Bb2
Nh7 9. d4 f6 10. dxe5 fxe5 11. Bd3 Nd7 12. Ne2 Ndf8 13. Ng3 g6 14. Nxe5 Bf6 15.
Nxg6 Nxg6 16. c3 Qe7 17. e5 Bxe5 18. Bxg6+ Bf7 19. Nf5 Qf8 20. Qh5 O-O-O 21.
Bxf7 Nf6 22. Qh4 Kb8 23. Bc1 Rd7 24. Be6 Rdh7 25. Be3 Bxc3 26. Rad1 Be5 27. Qa4
Qe8 28. Qxa7+ Kc7 29. Bb6# 1-0

[Event "Tournoi francophone 002 Groupe F"]
[Site "Skype"]
[Date "????.??.??"]
[Round "3.4"]
[White "Talbot, Jean"]
[Black "Mouannis, Nezha"]
[Result "1-0"]
[WhiteElo "1031"]
[BlackElo "1000"]
[PlyCount "45"]

1. e4 e5 2. Nf3 Nc6 3. Bc4 h6 4. O-O Nf6 5. d3 d5 6. exd5 Bc5 7. Re1 Ne7 8.
Nxe5 O-O 9. Nc3 Bd6 10. Bf4 b6 11. Nc6 Nxc6 12. Bxd6 Qxd6 13. dxc6 Qxc6 14. Bb5
Qd6 15. Qf3 Be6 16. Bc4 Rae8 17. Ne4 Nxe4 18. Qxe4 Bxc4 19. Qxc4 Rxe1+ 20. Rxe1
Rd8 21. f4 c6 22. b4 Qf6 23. g3 1-0

[Event "Tournoi francophone 002 Groupe F"]
[Site "Skype"]
[Date "????.??.??"]
[Round "3.5"]
[White "Martin, Elise"]
[Black "Rival, Jocelyn"]
[Result "1-0"]
[WhiteElo "1038"]
[BlackElo "1000"]
[PlyCount "43"]

1. d4 d5 2. c4 e6 3. e3 Nf6 4. Nc3 c6 5. Nf3 Bd6 6. Be2 O-O 7. O-O Bc7 8. h3
Nbd7 9. Bd3 e5 10. Ne2 e4 11. Ng5 Re8 12. Bc2 Nb6 13. b3 dxc4 14. bxc4 Nxc4 15.
Ng3 Be6 16. N3xe4 Bd5 17. Ng3 Qd6 18. Qd3 h6 19. Nh7 Nxh7 20. Qxh7+ Kf8 21.
Qh8+ Ke7 22. Nf5+ 1-0

[Event "Tournoi francophone 002 Groupe F"]
[Site "Skype"]
[Date "????.??.??"]
[Round "4.2"]
[White "Mouannis, Nezha"]
[Black "Martin, Elise"]
[Result "1-0"]
[WhiteElo "1000"]
[BlackElo "1038"]
[PlyCount "33"]

1. e4 e5 2. Nf3 Nc6 3. Bc4 Nf6 4. Ng5 Be7 5. Nxf7 d6 6. Nxd8 Kxd8 7. d4 Nxe4 8.
Nc3 Nf6 9. O-O exd4 10. Bb5 dxc3 11. bxc3 Ne5 12. Re1 Neg4 13. Bg5 Rf8 14. h3
Nxf2 15. Kxf2 Nh5+ 16. Qf3 g6 17. Qxf8# 1-0

[Event "Tournoi francophone 002 Groupe F"]
[Site "Skype"]
[Date "????.??.??"]
[Round "4.3"]
[White "Bouffard, Georges"]
[Black "Talbot, Jean"]
[Result "1-0"]
[WhiteElo "1000"]
[BlackElo "1031"]
[PlyCount "37"]

1. d4 d5 2. c4 Nf6 3. f3 Nc6 4. e3 e5 5. Ne2 Bf5 6. Nd2 Bb4 7. a3 Be7 8. Nb3
O-O 9. cxd5 Nxd5 10. Ng3 Qd7 11. e4 Ne3 12. Bxe3 exd4 13. Nxd4 Nxd4 14. exf5
Bc5 15. Ne2 Rfe8 16. Nxd4 Rxe3+ 17. Kd2 Qxd4+ 18. Kc2 Qc4+ 19. Bxc4 1-0

[Event "Tournoi francophone 002 Groupe F"]
[Site "Skype"]
[Date "????.??.??"]
[Round "4.4"]
[White "Letourneau, Judith"]
[Black "Gagnon, Sindy"]
[Result "0-1"]
[WhiteElo "1000"]
[BlackElo "1000"]
[PlyCount "72"]

1. e4 e5 2. Nf3 Nf6 3. d4 Bb4+ 4. c3 Bd6 5. Bd3 O-O 6. O-O Be7 7. Bg5 h6 8.
Bxf6 Bxf6 9. Nbd2 d6 10. Nc4 Bg4 11. h3 Be6 12. dxe5 dxe5 13. Ncxe5 Be7 14. Bb5
Qc8 15. Nxf7 Bxf7 16. Ne5 Be8 17. a4 c6 18. Qd2 cxb5 19. axb5 Bxb5 20. c4 Ba6
21. Qe2 Nc6 22. Ng4 Nd4 23. Qe3 Nc2 24. Qe2 Nxa1 25. Rxa1 Bxc4 26. Qd2 a5 27.
Nxh6+ Kh7 28. h4 Bxh4 29. b3 Bxb3 30. Rb1 b5 31. Rxb3 a4 32. Rb4 a3 33. Rxb5 a2
34. Qd3 a1=Q+ 35. Kh2 Qg4 36. f3 Qg3# 0-1

[Event "Tournoi francophone 002 Groupe F"]
[Site "Skype"]
[Date "????.??.??"]
[Round "5.3"]
[White "Talbot, Jean"]
[Black "Letourneau, Judith"]
[Result "1-0"]
[WhiteElo "1031"]
[BlackElo "1000"]
[PlyCount "37"]

1. e4 e6 2. d4 d5 3. e5 Nf6 4. exf6 gxf6 5. Nf3 Bb4+ 6. Bd2 a5 7. Bb5+ Kf8 8.
c3 Nc6 9. cxb4 Nxb4 10. Bh6+ Ke7 11. O-O b6 12. a4 Ba6 13. Re1 e5 14. Be2 c6
15. dxe5 fxe5 16. Nxe5 f6 17. Qd4 fxe5 18. Qxe5+ Kd7 19. Bg4# 1-0

[Event "Tournoi francophone 002 Groupe F"]
[Site "Skype"]
[Date "????.??.??"]
[Round "5.4"]
[White "Martin, Elise"]
[Black "Bouffard, Georges"]
[Result "0-1"]
[WhiteElo "1038"]
[BlackElo "1000"]
[PlyCount "82"]

1. e4 e6 2. d4 d5 3. e5 c5 4. Nf3 Bd7 5. Bd3 Ne7 6. Nc3 a6 7. O-O Ng6 8. h3 Be7
9. a3 Bc6 10. Bd2 Nd7 11. Ne2 b6 12. b4 Bb5 13. Bxb5 axb5 14. Qc1 O-O 15. Rb1
c4 16. Ng3 Re8 17. Nh5 f6 18. exf6 gxf6 19. Bh6 Bf8 20. Bxf8 Ndxf8 21. Qh6 Qe7
22. Rbe1 Qf7 23. Re3 Ra7 24. Nh4 Nxh4 25. Rg3+ Nhg6 26. Re1 f5 27. Ree3 Qe7 28.
Rxg6+ Nxg6 29. Rg3 Qf8 30. Qg5 Ree7 31. Kh2 Rf7 32. h4 Kh8 33. Qe3 h6 34. Qe5+
Nxe5 35. f4 Ng4+ 36. Kh3 Rg7 37. Nxg7 Rxg7 38. h5 Nf2+ 39. Kh2 Rxg3 40. Kxg3
Ne4+ 41. Kh4 Qf6+ 0-1

[Event "Tournoi francophone 002 Groupe F"]
[Site "Skype"]
[Date "????.??.??"]
[Round "6.3"]
[White "Letourneau, Judith"]
[Black "Martin, Elise"]
[Result "0-1"]
[WhiteElo "1000"]
[BlackElo "1038"]
[PlyCount "40"]

1. e4 e5 2. d4 d6 3. Nf3 Nc6 4. c3 Nf6 5. Bb5 Be7 6. O-O O-O 7. Be3 Bd7 8. a4
Bg4 9. h3 Bxh3 10. gxh3 Qd7 11. h4 Qg4+ 12. Kh2 Nxe4 13. Bxc6 bxc6 14. b4 Bxh4
15. b5 Rfe8 16. Na3 Re6 17. Rb1 Rg6 18. Nc4 Bg3+ 19. Kh1 Qh3+ 20. Kg1 Bh4+ 0-1

[Event "Tournoi francophone 002 Groupe F"]
[Site "Skype"]
[Date "????.??.??"]
[Round "6.5"]
[White "Morin, Claude"]
[Black "Gagnon, Sindy"]
[Result "1-0"]
[WhiteElo "1037"]
[BlackElo "1000"]
[PlyCount "51"]

1. e4 e5 2. Nf3 Nf6 3. d3 d6 4. Be2 Nbd7 5. h3 b6 6. Be3 Bb7 7. O-O d5 8. c3
dxe4 9. dxe4 Nxe4 10. Bd3 Nef6 11. Nbd2 c5 12. Bc4 Nd5 13. Bg5 N7f6 14. Nxe5
Qe7 15. Bb5+ Kd8 16. Re1 h6 17. Bh4 Qe6 18. c4 Nb4 19. Ndf3+ Bd6 20. a3 g5 21.
Bg3 a6 22. Nxf7+ Qxf7 23. axb4 Kc7 24. Bxd6+ Kd8 25. Ne5 Rc8 26. Nxf7# 1-0

[Event "Tournoi francophone 002 Groupe F"]
[Site "Skype"]
[Date "????.??.??"]
[Round "7.2"]
[White "Talbot, Jean"]
[Black "Morin, Claude"]
[Result "1-0"]
[WhiteElo "1031"]
[BlackElo "1037"]
[PlyCount "69"]

1. e4 e5 2. Nf3 d6 3. Bc4 Nf6 4. d3 Nxe4 5. dxe4 Be7 6. O-O O-O 7. h3 Nd7 8.
Nc3 Nb6 9. b3 Be6 10. Bxe6 fxe6 11. Re1 h6 12. Be3 Nd7 13. h4 c5 14. Kh2 Qa5
15. Qd2 Rac8 16. Rab1 b5 17. a4 b4 18. Nb5 a6 19. c3 axb5 20. axb5 Rb8 21. cxb4
cxb4 22. Ra1 Qc7 23. Qxb4 Qc2 24. Rec1 Qe2 25. Qe1 Qxb5 26. Ra7 Rfd8 27. Rcc7
d5 28. exd5 exd5 29. Qa5 Qxb3 30. Rxd7 Rxd7 31. Rxd7 Kh7 32. Rxe7 Qb1 33. Qxd5
Rb2 34. Qf7 Qf1 35. Qxg7# 1-0

[Event "Tournoi francophone 002 Groupe F"]
[Site "Skype"]
[Date "????.??.??"]
[Round "7.5"]
[White "Mouannis, Nezha"]
[Black "Bouffard, Georges"]
[Result "0-1"]
[WhiteElo "1000"]
[BlackElo "1000"]
[PlyCount "64"]

1. e4 e6 2. d4 d5 3. e5 c5 4. Nf3 Nc6 5. c3 a6 6. Be2 Nge7 7. O-O Ng6 8. a3 Be7
9. Nbd2 Qc7 10. Bd3 Bd7 11. Re1 O-O 12. Qe2 f5 13. Nb3 b6 14. dxc5 bxc5 15.
Nxc5 Bxc5 16. b4 Be7 17. Bxa6 Nd8 18. Be3 f4 19. Bd4 Bc6 20. Rad1 Nf7 21. Bd3
Nfh8 22. c4 Bb7 23. c5 Bc8 24. Bb2 h6 25. Nd4 Bd7 26. Bb5 Rab8 27. Bxd7 Qxd7
28. Nf3 Qa4 29. Rd2 Rbd8 30. Nd4 Qe8 31. Nxe6 f3 32. Nxf8 fxe2 0-1

[Event "Tournoi francophone 002 Groupe F"]
[Site "Skype"]
[Date "????.??.??"]
[Round "8.2"]
[White "Letourneau, Judith"]
[Black "Mouannis, Nezha"]
[Result "1-0"]
[WhiteElo "1000"]
[BlackElo "1000"]
[PlyCount "51"]

1. e4 e5 2. Nf3 Nc6 3. d4 exd4 4. Bb5 Nf6 5. c3 dxc3 6. Nxc3 d5 7. exd5 Bd7 8.
Bxc6 Bxc6 9. dxc6 bxc6 10. O-O Qxd1 11. Rxd1 Bc5 12. b3 O-O 13. Bd2 Ng4 14. h3
Nxf2 15. Rf1 Rfe8 16. Rxf2 Bxf2+ 17. Kh2 Be3 18. Rd1 Bf4+ 19. Kg1 Rad8 20. Na4
Bxd2 21. Rxd2 Rxd2 22. Nxd2 Re2 23. Nc4 Rxa2 24. Nc3 Rc2 25. Ne4 Rxc4 26. bxc4
1-0

[Event "Tournoi francophone 002 Groupe F"]
[Site "Skype"]
[Date "????.??.??"]
[Round "8.4"]
[White "Morin, Claude"]
[Black "Martin, Elise"]
[Result "0-1"]
[WhiteElo "1037"]
[BlackElo "1038"]
[PlyCount "30"]

1. e4 e5 2. Nf3 d6 3. d3 Nc6 4. h3 Nf6 5. c3 Be7 6. Nbd2 O-O 7. Be2 Be6 8. O-O
Nh5 9. d4 Nf4 10. Bb5 Bxh3 11. gxh3 Nxh3+ 12. Kh2 Qd7 13. dxe5 Nf4 14. Bc4 Qh3+
15. Kg1 Qg2# 0-1

[Event "Tournoi francophone 002 Groupe F"]
[Site "Skype"]
[Date "????.??.??"]
[Round "8.5"]
[White "Gagnon, Sindy"]
[Black "Talbot, Jean"]
[Result "0-1"]
[WhiteElo "1000"]
[BlackElo "1031"]
[PlyCount "54"]

1. e4 e5 2. Nf3 Nc6 3. Nc3 Nf6 4. d3 Bc5 5. Qe2 O-O 6. Na4 Nd4 7. Qd2 Nxf3+ 8.
gxf3 d6 9. c3 h6 10. d4 exd4 11. cxd4 Bb6 12. Qb4 Re8 13. e5 dxe5 14. dxe5
Rxe5+ 15. Be2 Qe8 16. b3 Rxe2+ 17. Kd1 Nd5 18. Qc4 c6 19. Rg1 Bxf2 20. Rg2 Re1+
21. Kc2 Bf5+ 22. Kb2 Qe5+ 23. Ka3 b5 24. Qc3 Nxc3 25. Nxc3 Qe7+ 26. b4 a5 27.
Bg5 Qxb4# 0-1

[Event "Tournoi francophone 002 Groupe F"]
[Site "Skype"]
[Date "????.??.??"]
[Round "9.2"]
[White "Martin, Elise"]
[Black "Gagnon, Sindy"]
[Result "1/2-1/2"]
[WhiteElo "1038"]
[BlackElo "1000"]
[PlyCount "155"]

1. e4 e5 2. Nf3 Nf6 3. Bc4 Qe7 4. d3 c6 5. Nc3 Qc5 6. Ng5 Be7 7. Bxf7+ Kd8 8.
Bc4 d5 9. Bb3 dxe4 10. Nf7+ Kc7 11. Nxh8 Ng4 12. O-O e3 13. f3 Nf2 14. Rxf2
exf2+ 15. Kh1 Bh4 16. Ne4 f1=Q+ 17. Qxf1 Qd4 18. h3 Bf5 19. Nd2 e4 20. fxe4 Bd7
21. Qf4+ Kd8 22. Qxh4+ Kc8 23. Nf3 Qd6 24. Nf7 Qf8 25. Qf4 g5 26. N3xg5 h6 27.
Nh7 Qe8 28. Nd6+ Kd8 29. Nxe8 Kxe8 30. Qe5+ Kd8 31. Bxh6 c5 32. Bg5+ Kc8 33.
Qxc5+ Bc6 34. Qf8+ Kc7 35. Bf4+ Kb6 36. Qd8+ Ka6 37. Bc4+ Bb5 38. Qd6+ Nc6 39.
Bd5 Rd8 40. Qa3+ Na5 41. Bd2 b6 42. Nf6 Rc8 43. Be6 Rxc2 44. Bxa5 bxa5 45. Qd6+
Kb7 46. Bd5+ Kc8 47. Qd7+ Bxd7 48. Rf1 Bb5 49. Be6+ Kc7 50. Nd5+ Kd6 51. Bg4
Bxd3 52. Rf6+ Kc5 53. Rf8 Bxe4 54. Rc8+ Kd4 55. Rxc2 Bxc2 56. a4 Bxa4 57. Kh2
Kxd5 58. Bf3+ Kd4 59. Kg3 Kc4 60. Be2+ Kb3 61. Bd1+ Kxb2 62. Bxa4 Ka3 63. Bd7
a6 64. h4 Kb4 65. h5 Kc5 66. h6 Kd6 67. Bc8 Ke7 68. h7 Kd8 69. h8=Q+ Kc7 70.
Bxa6 Kb6 71. Bc8 a4 72. Qh4 Kc7 73. Bf5 a3 74. Qa4 a2 75. Qxa2 Kb7 76. Qb2+ Ka6
77. Bd3+ Ka5 78. Qd4 1/2-1/2